Wiedza o kotach - Statystyki

Ogólne statystyki
  • Ten quiz został rozwiązany 1 783 razy
    1 762 od ostatniego zresetowania
  • Średni wynik to 11 z 20
Statystyki odpowiedzi
Pytanie Odpowiedź % Poprawnych
Jaki rodzaj kota jest najszybszym lądowym zwierzęciem na świecie? gepard
96%
Jaki termin używany jest do określenia dużego kota, takiego jak pumy czy jaguary, które ma czarne futro? Czarna {pantera}
86%
Jaka jest inna nazwa dla rośliny "nepeta cataria", która zapachem przyciąga niektóre koty? Kocimiętka właściwa
84%
Jak nazywa się jedyny gatunek kota, który żyje w stadach? lew afrykański
84%
Jak nazywa się charakterystyczny dźwięk wydawany przez koty domowe, który przeważnie sygnalizuje dobre samopoczucie? mruczenie
78%
Jaki dźwięk wydaje kot, gdy prosi o uwagę? miauczenie
77%
Jaki kraj czci boga m.in. kotów o nazwie Bastet? Egipt
73%
Co kot może zwymiotować w wyniku swoich nawyków pielęgnacyjnych? kłaczki
64%
Jak nazywa się popularny komiks stworzony przez Jima Davisa, którego tytułowym bohaterem jest antropomorficzny rudy kocur? Garfield
63%
Jak nazywa się państwo, w którym lwy mogłyby się na wolności spotkać z tygrysami? Indie
58%
Jakie dźwięki wydaje kot jako oznakę agresji? syczenie
58%
Kocia kawiarnia jest kawiarnią, w której główną atrakcją są koty. Jak nazywa się państwo, w którym znajduje się najwięcej kocich kawiarni? Japonia
52%
Jak nazywa się europejska baśń, którego bohaterem tytułowym jest kot, który przy pomocy wybiegów i podstępów doprowadza do ślubu swego pana z królewną Kot w butach
52%
Jak nazywa się dziki gatunek kota, żyjący w Ameryce na literę O? ocelot wielki
47%
Jak nazywa się kraj, z którego pochodzą koty syjamskie? Tajlandia
36%
Jak nazywa się stan USA, w którym żyje najwięcej rysi? Alaska
31%
Czego koty z polidaktylią mają więcej niż te "normalne"? palców
24%
Jak nazywa się film, w którym występują koty o imionach Duchess, Toulouse i Thomas O'Malley? Aryskotraci
10%
Jaka jest łacińska nazwa dla rodziny kotowatych? Felidae
7%
Jak nazywa się termin używany dla kota, którego wzory futra tworzą kształt litery M na czole? Kot {pręgowany}
5%
Nie znaleziono quizów pasujących do podanych kryteriów
Rozkład punktacji
Procent ludzi z każdym wynikiem
Percentyl według liczby udzielonych odpowiedzi
Twoja historia wyników
Nie rozwiązałeś tego quizu od ostatniego zresetowania